LEADER 03046nam 2200829Ia 450 001 9910450854703321 005 20200520144314.0 010 $a1-349-53204-5 010 $a1-281-36182-8 010 $a9786611361822 010 $a0-230-60334-3 024 7 $a10.1057/9780230603349 035 $a(CKB)1000000000342675 035 $a(EBL)307661 035 $a(OCoLC)314851858 035 $a(SSID)ssj0000740681 035 $a(PQKBManifestationID)12304491 035 $a(PQKBTitleCode)TC0000740681 035 $a(PQKBWorkID)10701946 035 $a(PQKB)10467593 035 $a(SSID)ssj0000277903 035 $a(PQKBManifestationID)11195544 035 $a(PQKBTitleCode)TC0000277903 035 $a(PQKBWorkID)10241088 035 $a(PQKB)11067999 035 $a(DE-He213)978-0-230-60334-9 035 $a(MiAaPQ)EBC307661 035 $a(Au-PeEL)EBL307661 035 $a(CaPaEBR)ebr10171481 035 $a(CaONFJC)MIL136182 035 $a(EXLCZ)991000000000342675 100 $a20060420d2006 uy 0 101 0 $aeng 135 $aur|n|---||||| 181 $ctxt 182 $cc 183 $acr 200 00$aCities in contemporary Africa$b[electronic resource] /$fedited by Martin Murray and Garth Myers 205 $a1st ed. 2006. 210 $aNew York $cPalgrave Macmillian$d2006 215 $a1 online resource (333 p.) 300 $aDescription based upon print version of record. 311 $a0-230-11664-7 311 $a1-4039-7035-1 320 $aIncludes bibliographical references and index. 327 $aCover; Contents; List of Illustrations; List of Tables; Acknowledgments; Preface; Introduction: Situating Contemporary Cities in Africa; I: Culture, Imagination, Space, and Place; II: Political Economy, Work, and Livelihood; III: Urban Planning, Administration, and Governance; Notes on Contributors; Index 330 $aThis book explains how and why cities on the African continent have grown at such a rapid pace, how municipal authorities have tried to cope with this massive influx of people, and how long-time urban residents and newcomers interact, negotiate, and struggle over access to limited resources. 606 $aCities and towns$zAfrica 606 $aCity and town life$zAfrica 606 $aUrban policy$zAfrica 606 $aCity planning$zAfrica 606 $aUrbanization$zAfrica 607 $aAfrica$xSocial conditions$y1960- 607 $aAfrica$xEconomic conditions$y1960- 607 $aAfrica$xGeography 607 $aAfrica$xHistory, Local 608 $aElectronic books. 615 0$aCities and towns 615 0$aCity and town life 615 0$aUrban policy 615 0$aCity planning 615 0$aUrbanization 676 $a307.76096 701 $aMurray$b Martin J$0660964 701 $aMyers$b Garth Andrew$0915433 801 0$bMiAaPQ 801 1$bMiAaPQ 801 2$bMiAaPQ 906 $aBOOK 912 $a9910450854703321 996 $aCities in contemporary Africa$92237386 997 $aUNINA LEADER 04245oam 2200925 c 450 001 9910409834503321 005 20260302090207.0 024 3 $a9783966659888 035 $a(CKB)4100000011343933 035 $a(Budrich Academic Press)9783966659888 035 $a(MiAaPQ)EBC30196499 035 $a(Au-PeEL)EBL30196499 035 $a(Perlego)2698590 035 $a(Barbara Budrich Academic Press GmbH)9783966659888 035 $a(EXLCZ)994100000011343933 100 $a20260302d2020 uy 0 101 0 $ager 135 $aurnnunnnannuu 181 $ctxt$2rdacontent 182 $cc$2rdamedia 183 $acr$2rdacarrier 200 10$aTechnische Hochschulen: attraktive Arbeitsorte für Frauen und Männer? $eDer Weg von technischen Hochschulen zu geschlechtergerechten Organisationen /$fAntje Ducki, Antje Ducki, Eva-Maria Dombrowski, Randi Worath, Hedda Ofoole Knoll, Lena Ziesmann 205 $a1st ed. 210 $aLeverkusen$cBarbara Budrich Academic Press GmbH$d2020 215 $a1 online resource (48 p.) 225 0 $aSchriftenreihe des Gender- und Technik-Zentrums (GuTZ) der Beuth Hochschule für Technik Berlin ?Gender Diskurs? 311 08$a3-96665-988-3 330 $aWie sieht eine geschlechtergerechte Hochschule aus? Die Organisationsklimaanalyse der Beuth Hochschule für Technik Berlin zeigt anhand der Untersuchung von Berufswegen von Professorinnen relevante Aspekte einer geschlechtergerechten Hochschulkultur auf. Die Studie liefert so gleichzeitig Ansatzpunkte und mögliche Maßnahmen für die Verbesserung des Frauenanteils an technischen Hochschulen. What does a gender-equitable university look like? The organizational climate analysis of the Beuth Hochschule für Technik Berlin shows relevant aspects of a gender-equitable university culture by examining the career paths of female professors. The study thus simultaneously provides starting points and possible measures for improving the proportion of women at technical universities. 410 0$aSchriftenreihe des Gender- und Technik-Zentrums (GuTZ) der Beuth Hochschule Für Technik Berlin ,,Gender Diskurs Series 606 $agender-equitable university 606 $aGleichstellung 606 $aGeschlechtergerechte Hochschule 606 $atechnical university 606 $aunder-representation of female professors 606 $aUnterrepräsentanz von Professorinnen 606 $aappointment procedure 606 $aBerufungsverfahren 606 $acareer paths 606 $aKarrierewege 606 $agender-equitable organisational characteristics 606 $ageschlechtergerechte Organisationsmerkmale 606 $aorganisational climate analysis 606 $aOrganisationsklimaanalyse 606 $aArbeitszufriedenheit 606 $ajob satisfaction 606 $agender mainstreaming 606 $aGender Mainstreaming 606 $aFrauenanteil 615 4$agender-equitable university 615 4$aGleichstellung 615 4$aGeschlechtergerechte Hochschule 615 4$atechnical university 615 4$aunder-representation of female professors 615 4$aUnterrepräsentanz von Professorinnen 615 4$aappointment procedure 615 4$aBerufungsverfahren 615 4$acareer paths 615 4$aKarrierewege 615 4$agender-equitable organisational characteristics 615 4$ageschlechtergerechte Organisationsmerkmale 615 4$aorganisational climate analysis 615 4$aOrganisationsklimaanalyse 615 4$aArbeitszufriedenheit 615 4$ajob satisfaction 615 4$agender mainstreaming 615 4$aGender Mainstreaming 615 4$aFrauenanteil 676 $a378.12082 700 $aDucki$b Antje$cProf. Dr.$4aut$01205159 702 $aDucki$b Antje$cProf. Dr.$4edt 702 $aDombrowski$b Eva-Maria$cProf. Dr.$4edt 702 $aWorath$b Randi$4aut 702 $aKnoll$b Hedda Ofoole$cDr.$4aut 702 $aZiesmann$b Lena$4aut 801 0$bBudrich Academic Press 801 1$bBudrich Academic Press 906 $aBOOK 912 $a9910409834503321 996 $aTechnische Hochschulen: attraktive Arbeitsorte fu?r Frauen und Ma?nner$92781203 997 $aUNINA